00301nam a2200121Ia 4500008004100000082001500041100003100056245001400087260004200101300000800143630001400151730001400165100122s9999 xx 000 0 und d b52536a823 aबोरकर वि ज aवंश bमौज प्रकाशनc1996 a103 aवंश aवंश